| 000 | 00991nam a22002297a 4500 | ||
|---|---|---|---|
| 003 | NALT | ||
| 005 | 20251219151521.0 | ||
| 008 | s2547 th tha d | ||
| 020 | _a9749255518 | ||
| 040 | _aNALT | ||
| 041 | _atha | ||
| 050 |
_aHF5386 _bม584ด |
||
| 245 | 1 | 0 | _aได้เวลาโต้คลื่นกันแล้ว ! โต้คลื่นให้สูงที่สุด โดยไม่ให้ทรายเปื้อนกางเกง |
| 260 | 3 |
_aกรุงเทพฯ : _bเอ็กซเปอร์เน็ท, _c2547 |
|
| 300 |
_a202 หน้า ; _b21 ซม. |
||
| 650 | 0 | 4 |
_aการจัดการธุรกิจ _95803 |
| 650 | 0 | 4 |
_aความสำเร็จทางธุรกิจ _96209 |
| 700 | 0 | _aธนิกานต์ มาฆะศิรานนท์, ผู้แปล | |
| 850 | _aNALT | ||
| 942 |
_cGB _2lcc |
||
| 999 |
_c42924 _d42924 |
||
| 998 |
_j111 _k นางสาวพจพิณ พรมเอี่ยม |
||